000 00454nam a2200121Ia 4500
008 100122s9999 xx 000 0 und d
082 _b14416
245 _aविकास रंगतदार गोष्टी- लाल रंग
300 _a32
630 _aविकास रंगतदार गोष्टी- लाल रंग
730 _aविकास रंगतदार गोष्टी- लाल रंग
942 _cBOOK
999 _c387932
_d387929